NCAA Softball Champions - Statistics

General Stats
  • This quiz has been taken 46 times
  • The average score is 35 of 43
Answer Stats
Hint Answer % Correct
2024 Oklahoma
100%
2023 Oklahoma
100%
2022 Oklahoma
100%
2021 Oklahoma
100%
2017 Oklahoma
100%
2016 Oklahoma
100%
2013 Oklahoma
100%
2000 Oklahoma
100%
2025 Texas
100%
2019 UCLA
86%
2010 UCLA
86%
2004 UCLA
86%
2003 UCLA
86%
1999 UCLA
86%
1995* UCLA
86%
1992 UCLA
86%
1990 UCLA
86%
1989 UCLA
86%
1988 UCLA
86%
1985 UCLA
86%
1984 UCLA
86%
1982 UCLA
86%
2012 Alabama
83%
2015 Florida
83%
2014 Florida
83%
2018 Florida State
83%
2007 Arizona
79%
2006 Arizona
79%
2001 Arizona
79%
1997 Arizona
79%
1996 Arizona
79%
1994 Arizona
79%
1993 Arizona
79%
1991 Arizona
79%
2011 Arizona State
72%
2008 Arizona State
72%
1987 Texas A&M
72%
1983 Texas A&M
72%
2005 Michigan
62%
2009 Washington
62%
2002 California
38%
1998 Fresno State
24%
1986 Cal State Fullerton
21%
No matching quizzes found
Score Distribution
Percent of People with Each Score
Percentile by Number Answered
Your Score History
You have not taken this quiz